<?xml version="1.0" encoding="UTF-8"?><?xml-stylesheet type="text/xsl" href="static/style.xsl"?><OAI-PMH xmlns="http://www.openarchives.org/OAI/2.0/" xmlns:xsi="http://www.w3.org/2001/XMLSchema-instance" xsi:schemaLocation="http://www.openarchives.org/OAI/2.0/ http://www.openarchives.org/OAI/2.0/OAI-PMH.xsd"><responseDate>2026-06-01T08:31:55Z</responseDate><request verb="GetRecord" identifier="oai:riuma.uma.es:10630/44728" metadataPrefix="marc">https://riuma.uma.es/rest/oai/request</request><GetRecord><record><header><identifier>oai:riuma.uma.es:10630/44728</identifier><datestamp>2026-01-23T00:46:25Z</datestamp><setSpec>com_10630_2254</setSpec><setSpec>col_10630_37953</setSpec></header><metadata><record xmlns="http://www.loc.gov/MARC21/slim" xmlns:dcterms="http://purl.org/dc/terms/" xmlns:doc="http://www.lyncode.com/xoai" xmlns:xsi="http://www.w3.org/2001/XMLSchema-instance" xsi:schemaLocation="http://www.loc.gov/MARC21/slim http://www.loc.gov/standards/marcxml/schema/MARC21slim.xsd">
   <leader>00925njm 22002777a 4500</leader>
   <datafield ind2=" " ind1=" " tag="042">
      <subfield code="a">dc</subfield>
   </datafield>
   <datafield ind2=" " ind1=" " tag="720">
      <subfield code="a">Sboui, Mouheb</subfield>
      <subfield code="e">author</subfield>
   </datafield>
   <datafield ind2=" " ind1=" " tag="720">
      <subfield code="a">Cortés-Reyes, Marina</subfield>
      <subfield code="e">author</subfield>
   </datafield>
   <datafield ind2=" " ind1=" " tag="720">
      <subfield code="a">Swaminathan, Meenakshisundaram</subfield>
      <subfield code="e">author</subfield>
   </datafield>
   <datafield ind2=" " ind1=" " tag="720">
      <subfield code="a">Alemany-Arrebola, Luis José</subfield>
      <subfield code="e">author</subfield>
   </datafield>
   <datafield ind2=" " ind1=" " tag="260">
      <subfield code="c">2021</subfield>
   </datafield>
   <datafield ind2=" " ind1=" " tag="520">
      <subfield code="a">In this study, a facile and effective route to prepare hybrid photocatalysts (paper–TiO2, paper–TiO2–AgBr and paper–AgBr–TiO2) has been reported. The preparation procedure consisted of the direct adsorption of the previously synthesized titania nanoparticles (TiO2 sol) to generate the TiO2 nanosphere and the immersion process in an aqueous suspension of AgBr to form the AgBr nanoclusters on paper fibers. The synthesis technology is economic, efficient, environmentally friendly and easy to implement even at industrial scale. A cellulose-based structure with well dispersed TiO2 particles of around 1 µm and a pseudo-liquid coating of Ag+ and AgBr species was obtained. All the prepared photocatalysts demonstrated effective photocatalytic performance in gaseous phase ethanol degradation with simulated sunlight illumination, through the direct mineralization to CO2 and the parallel reaction via acetaldehyde degradation. A relevant improvement in the photocatalytic activity was noticed when TiO2 was associated with AgBr nanocrystals, with a higher effect observed when AgBr was loaded onto the paper surface prior to TiO2. Ag–Ti interaction reduces the pair recombination rate and increases the available charge carriers generating reactive OH- radicals from both Ag-species and TiO2, and O2– radicals from Ag+–AgBr species, which would be involved in the ethanol degradation process.</subfield>
   </datafield>
   <datafield ind1="8" ind2=" " tag="024">
      <subfield code="a">Mouheb Sboui, Marina Cortés-Reyes, Meenakshisundaram Swaminathan, Luis J. Alemany, Eco-friendly hybrid Paper–AgBr–TiO2 for efficient photocatalytic aerobic mineralization of ethanol, Chemosphere, Volume 269, 2021, 128703, ISSN 0045-6535, https://doi.org/10.1016/j.chemosphere.2020.128703.</subfield>
   </datafield>
   <datafield ind1="8" ind2=" " tag="024">
      <subfield code="a">0045-6535</subfield>
   </datafield>
   <datafield ind1="8" ind2=" " tag="024">
      <subfield code="a">https://hdl.handle.net/10630/44728</subfield>
   </datafield>
   <datafield ind1="8" ind2=" " tag="024">
      <subfield code="a">10.1016/j.chemosphere.2020.128703</subfield>
   </datafield>
   <datafield tag="653" ind2=" " ind1=" ">
      <subfield code="a">Catalizadores</subfield>
   </datafield>
   <datafield ind2="0" ind1="0" tag="245">
      <subfield code="a">Eco-friendly hybrid Paper–AgBr–TiO2 for efficient photocatalytic aerobic mineralization of ethanol</subfield>
   </datafield>
</record>
</metadata></record></GetRecord></OAI-PMH>